Artificial intelligence techniques in prolog

This is book contens: On prolog, search, backward-chaining methods, other rule-based methods, truth maintenance systems, contraint satisfaction...

Gorde:
Xehetasun bibliografikoak
Egile nagusia: Shoham, Yoav
Formatua: Liburua
Hizkuntza:Undetermined
Argitaratua: San Francisco, California Morgan Kaufmann 1994
Gaiak:
Etiketak: Etiketa erantsi
Etiketarik gabe, Izan zaitez lehena erregistro honi etiketa jartzen!
Thư viện lưu trữ: Trung tâm Học liệu Trường Đại học Cần Thơ
LEADER 00766nam a2200217Ia 4500
001 CTU_32746
008 210402s9999 xx 000 0 und d
020 |b 776.000đ 
082 |a 006.3 
082 |b S559 
100 |a Shoham, Yoav 
245 0 |a Artificial intelligence techniques in prolog 
245 0 |c Yoav Shoham 
260 |a San Francisco, California 
260 |b Morgan Kaufmann 
260 |c 1994 
520 |a This is book contens: On prolog, search, backward-chaining methods, other rule-based methods, truth maintenance systems, contraint satisfaction... 
650 |a Artificial intelligence,Prolog ( computer program language ) 
650 |x Data processing 
904 |i Minh, QHieu 
980 |a Trung tâm Học liệu Trường Đại học Cần Thơ